Vegum, a.s., Dolné Vestenice

Bibliographic Details
Main Author: Ilavský, Martin (Author)
Format: Article
Language:Slovak
Subjects:

MARC

LEADER 00000nab a2200000 a 4500
001 vtls000711438
003 SK-MaSNL
005 20260305032948.0
008 180207c1999 xo 0 slo
015 |a SNBRB2000/01-03271 
035 |a CLN000063605 
040 |a SNKBUCL  |b slo  |c SNKBUCL  |e AACR2 
041 0 |a slo 
044 |a xo  |c SK 
080 |a 658.15:678:061.5(437.6)  |2 UDC-MRF-SK2 
080 |a 678:061.5(437.6)  |2 UDC-MRF-SK2 
100 1 |a Ilavský, Martin  |4 aut  |9 445688 
245 1 0 |a Vegum, a.s., Dolné Vestenice  |c Martin Ilavský 
300 |b Grafy, tab. 
500 |a Súbežný názov a text angl. 
610 7 |a Vegum, Dolné Vestenice, Slovensko  |x analýza finančná  |2 snkbucl  |9 1612872 
651 7 |a Prievidza (Slovensko : okres)  |2 snkbucl  |9 71029 
655 7 |a články z novín a časopisov  |2 snkbucl  |9 267496 
773 0 |x 1335-1435  |t Burza  |g Č. 10 (1999), s. 40-43 
850 |a Slovenská národná knižnica v Martine 
852 |a SNK  |b KIS3GCP 
958 |a RBX 
999 |c 3322321  |d 3324251